| 000 | 00491nam a22001937a 4500 | ||
|---|---|---|---|
| 003 | NUST - PNEC | ||
| 005 | 20170116180826.0 | ||
| 008 | 150722b xxu||||| |||| 00| 0 eng d | ||
| 024 | _a471223433 | ||
| 040 | _cLIBRARY | ||
| 082 | _a512 DUB | ||
| 100 |
_94386 _aDubish, Roy |
||
| 245 |
_aIntermediate Algebra _cRoy Dubisch |
||
| 250 | _a2nd ed. | ||
| 260 |
_aNew York: _bJohn Wiley & Sons, Inc. _cc1969. |
||
| 300 |
_a351 p. : _c23 cm. |
||
| 650 |
_94387 _aAlgebra _xME |
||
| 942 |
_2ddc _cBK |
||
| 999 |
_c63891 _d63891 |
||